Statistics for Marvel Comics Quiz

Click here to take the quiz!

General Stats

  • This quiz has been taken 43 times
  • The average score is 8 of 16

Answer Stats

HintAnswer% Correct
___________ Spider-ManAmazing
88%
Iron Man real nameTony Stark
88%
Captain America arch nemesisRed Skull
76%
Second Green GoblinHarry Osborn
74%
Venom arch nemisisCarnage
71%
Agent Venom/Peter Parker's bullyFlash Thompson
59%
Mythology Thor is fromNorse
59%
Name of the wars involving the SkrullsSecret Wars
53%
Nelson and ________Murdock
47%
Doctor Octopus was the _________ Spider-ManSuperior
47%
_________ Iron ManInvincible
44%
God of the SymbiotesKnull
38%
Captain Marvel's pet cat speciesFlerken
29%
Name of the "awesome" hulkAmadeus Cho
26%
Spiderman + Moon KnightArachknight
15%
Completely original Thor movie characterErik Selvig
15%

Score Distribution

Percentile by Number Answered

Percent of People with Each Score

Your Score History

You have not taken this quiz